01621cam a22003857a 4500003000500000005001700005008004100022010001000063011001000073035001000083040000900093090001000102100004200112245017700154260004100331300002200372502007700394590003700471590004100508590004100549590004100590590004100631590004200672650003800714650002800752650003500780901000700815905002300822942000900845949005500854949004200909999001700951952014000968952012701108CHAP20220329141841.0980206d1997 mx r 00110 spa d a74773 a75745 a85314 cCHAP aTesis00aGalindo Reyes, Manuel Antonio.94430810aComportamiento de la frambuesa roja (Rubus idaeus L.) cv. Malling Autumn, influenciada por la poda total en diferentes épocas del añoc/por Manuel Antonio Galindo Reyes aChapingo, Méx. :bEl autor,c1997. a61 h. :bgráfs. aTesis (Ing. Agr. Esp. en Fitotecnia) -- UACH. Departamento de Fitotecnia aALEPHb10c20130110lUCH01h1421 aBATCH-UPDb10c20130110lUCH01h0546 aBATCH-UPDb10c20130110lUCH01h2359 aBATCH-UPDb10c20130410lUCH01h0228 aBATCH-UPDb10c20130914lUCH01h1435 aCONVERSIONb10c20130109lUCH01h134114aFrambuesaxMéxico (Edo.)94288614aFrambuesaxPoda.94288914aFrambuesaxRendimiento.942892 aBK aLilia Sánchez G. cFOLL bBCcTESd33724000586764eTS2fc.2h32323i85314si bBCcTESd853141eTS1h32322i85314sb c74773d74773 00102local4053708TESISaBCbBCcPA_TESISd2019-12-31fTESISl0oTesisp33724000586764r2019-12-31 00:00:00tc.2w2019-12-31yTESIS 00102local4051708TESISaBCbBCcPA_TESISd2019-12-31fTESISl0oTesisp853141r2019-12-31 00:00:00w2019-12-31yTESIS